[Event "OS INCLIVEIS"]
[Site "http://www.queenalice.com/game.php?id=1205504"]
[Date "2013.8.5"]
[Round "-"]
[White "Larissa123"]
[Black "adelio"]
[Result "1-0"]
[WhiteElo "1873"]
[BlackElo "1823"]

1. e4 e5 2. Nf3 f6 3. Bc4 c5 4. Nxe5 Qe7 5. Nf7 Qxe4+ 6. Qe2 Qxe2+ 7. Kxe2 Nc6
8. Nxh8 Nh6 9. d3 g5 10. h4 Bg7 11. hxg5 Bxh8 12. Rxh6 fxg5 13. Rxh7 Bf6 14. Nc3
Ne7 15. Bxg5 Bxg5 16. Rh8+ Ng8 17. Rxg8+ Ke7 18. Rxg5 d6 19. Rg8 a6 20. Nd5+ Kd7
21. Nb6+ Kc7 22. Nxa8+ Kb8 23. Nb6 Kc7 24. Nxc8 b5 25. Bd5 c4 26. Rh1 cxd3+ 27.
Kxd3 a5 28. Rh7+ Kb8 29. Nxd6# 1-0

[Event "Challenge"]
[Site "http://www.queenalice.com/game.php?id=1205714"]
[Date "2013.8.6"]
[Round "-"]
[White "Larissa123"]
[Black "betofortaleza"]
[Result "1-0"]
[WhiteElo "1918"]
[BlackElo "1962"]

1. e4 e5 2. Nf3 Nc6 3. Bc4 h6 4. c3 Nf6 5. d3 Bc5 6. O-O d6 7. Bb3 Bg4 8. Nbd2
d5 9. Re1 dxe4 10. Nxe4 Nxe4 11. Rxe4 Qd7 12. Nxe5 Bxd1 13. Nxd7+ Kxd7 14. Bxd1
Rhf8 15. d4 f5 16. Re1 Bd6 17. Ba4 g5 18. d5 Rae8 19. dxc6+ bxc6 20. Be3 Re7 21.
Bd4 Rfe8 22. Rxe7+ Rxe7 23. Bxa7 Re5 24. Bd4 Re2 25. c4 Re6 26. Kf1 Bxh2 27. g3
f4 28. Kg2 fxg3 29. Rd1 Re2 30. Kf3 Re8 31. fxg3 1-0

[Event "Challenge"]
[Site "http://www.queenalice.com/game.php?id=1206367"]
[Date "2013.8.8"]
[Round "-"]
[White "Larissa123"]
[Black "adelio"]
[Result "1-0"]
[WhiteElo "1982"]
[BlackElo "1800"]

1. e4 Nc6 2. d4 g6 3. Bc4 e6 4. Nc3 Bg7 5. Be3 a6 6. Qd2 h5 7. O-O-O b5 8. Bb3
d6 9. a3 Bd7 10. f4 f5 11. exf5 gxf5 12. Nf3 Nf6 13. d5 Na5 14. Ba2 Nc4 15. Bxc4
bxc4 16. Ng5 Ne4 17. Ncxe4 fxe4 18. dxe6 Ba4 19. Qd5 Ke7 20. Nxe4 Bxb2+ 21. Kxb2
Qb8+ 22. Kc1 Qb5 23. Qd4 Rab8 24. Qf6+ Ke8 25. Qf7+ Kd8 26. Qf6+ Kc8 27. Qxh8+
Kb7 28. Qb2 Kc8 29. Qxb5 axb5 30. f5 b4 31. axb4 Rxb4 32. Nxd6+ cxd6 33. Rxd6 c3
34. Ra6 Bb5 35. Rb6 Rb2 36. Bf4 Be8 37. Rxb2 cxb2+ 38. Kxb2 Bc6 39. Rd1 Be4 40.
f6 Bc6 41. f7 Bb5 42. f8=Q+ Kb7 43. Qb8+ Kc6 44. Qc7# 1-0

[Event "Challenge"]
[Site "http://www.queenalice.com/game.php?id=1206368"]
[Date "2013.8.8"]
[Round "-"]
[White "Larissa123"]
[Black "animis"]
[Result "1-0"]
[WhiteElo "1897"]
[BlackElo "1985"]

1. e4 c5 2. Nf3 Nc6 3. d4 cxd4 4. Nxd4 Nf6 5. Nc3 d6 6. Bg5 e6 7. f4 Be7 8. Qd2
Qa5 9. O-O-O a6 10. Be2 Bd7 11. Nb3 Qc7 12. Kb1 O-O 13. e5 Nd5 14. Nxd5 exd5 15.
Qxd5 Be6 16. exd6 Bxd5 17. dxc7 Bxg2 18. Bxe7 Rfe8 19. Rhg1 Nxe7 20. Rxg2 Rac8
21. Rd7 Ng6 22. Bc4 Re1+ 23. Nc1 Re7 24. Rd8+ Re8 25. Rgd2 Kf8 26. Rxc8 Rxc8 27.
Rd8+ 1-0

[Event "Mulher X Homem"]
[Site "http://www.queenalice.com/game.php?id=1212875"]
[Date "2013.8.30"]
[Round "-"]
[White "Larissa123"]
[Black "dnptrs"]
[Result "1-0"]
[WhiteElo "1928"]
[BlackElo "2088"]

1. e4 c5 2. Nf3 e6 3. d4 cxd4 4. Nxd4 Nf6 5. Nc3 Nc6 6. Ndb5 d6 7. Bf4 e5 8. Bg5
a6 9. Bxf6 gxf6 10. Na3 b5 11. Nd5 f5 12. Bd3 Be6 13. O-O Rb8 14. c4 Nd4 15.
exf5 Bxd5 16. cxd5 Qg5 17. Nc2 Nxf5 18. f4 exf4 19. Bxf5 Qxf5 20. Qd4 Rg8 21.
Rae1+ Kd8 22. Nb4 Rb7 23. Nc6+ Kd7 24. Rxf4 Qg6 25. g3 1-0

[Event "Joguinho"]
[Site "http://www.queenalice.com/game.php?id=1212876"]
[Date "2013.8.30"]
[Round "-"]
[White "Larissa123"]
[Black "RafaelCabral"]
[Result "1-0"]
[WhiteElo "2054"]
[BlackElo "2312"]

1. e4 c5 2. Nf3 Nc6 3. d4 cxd4 4. Nxd4 g6 5. Nc3 Bg7 6. Be3 Nf6 7. f3 O-O 8. Bc4
Qb6 9. Bb3 Nxe4 10. Nd5 Qa5+ 11. c3 Bxd4 12. Bxd4 Nc5 13. Bc4 Ne6 14. Be3 d6 15.
O-O Qd8 16. Re1 Ng7 17. Bg5 Be6 18. Bb3 Re8 19. Qd2 Rc8 20. Bxe7 Nxe7 21. Nf6+
Kf8 22. Nxh7+ Kg8 23. Nf6+ Kf8 24. Rad1 Nef5 25. Nxe8 Nxe8 26. Bxe6 fxe6 27.
Rxe6 Kf7 28. Re2 Nf6 29. g4 Nh4 30. Qxd6 Nxf3+ 31. Kg2 Nh4+ 32. Kg3 Qxd6+ 33.
Rxd6 g5 34. Rf2 Rc7 35. Rfxf6+ Kg7 36. Rf2 Re7 37. Rfd2 1-0

[Event "AUTO-MASTER-1937"]
[Site "http://www.queenalice.com/game.php?id=1212904"]
[Date "2013.8.30"]
[Round "1"]
[White "Fermats"]
[Black "Larissa123"]
[Result "1/2-1/2"]
[WhiteElo "2589"]
[BlackElo "2054"]

1. e4 c5 2. Nc3 d6 3. Nf3 Nf6 4. Bb5+ Bd7 5. Bxd7+ Qxd7 6. d4 cxd4 7. Qxd4 Nc6
8. Qd3 g6 9. Nd5 Bg7 10. c3 Ng4 11. Bf4 e6 12. Ne3 e5 13. Bg3 Nxe3 14. fxe3 O-O
15. O-O Rad8 16. Bh4 f6 17. Rad1 a6 18. c4 Qc7 19. a3 a5 20. b3 Rf7 21. Qd5 a4
22. b4 Ne7 23. Qe6 Nc8 24. c5 Kh8 25. Rd3 Re7 26. Qc4 Rdd7 27. Ne1 g5 28. Bg3
dxc5 29. bxc5 Qc6 30. Rc3 Re8 31. Nc2 b6 32. Qa6 Ra7 33. Qd3 bxc5 34. Nb4 Qb6
35. Nd5 Qc6 36. Nb4 Qb6 37. Nd5 Qc6 38. Nb4 1/2-1/2

[Event "AUTO-MASTER-1937"]
[Site "http://www.queenalice.com/game.php?id=1212905"]
[Date "2013.8.30"]
[Round "1"]
[White "Larissa123"]
[Black "Fermats"]
[Result "0-1"]
[WhiteElo "2054"]
[BlackElo "2589"]

1. e4 c5 2. Nf3 Nc6 3. d4 cxd4 4. Nxd4 e5 5. Nb5 d6 6. N1c3 a6 7. Na3 b5 8. Be3
Nf6 9. Nd5 Rb8 10. Nxf6+ Qxf6 11. Be2 Nd4 12. O-O Nxe2+ 13. Qxe2 Qg6 14. f3 f5
15. c4 b4 16. Nc2 fxe4 17. Bd2 exf3 18. Qxf3 Bb7 19. Qh3 a5 20. Ne3 Be7 21. Nd5
Bd8 22. Qf3 Bf6 23. Qb3 Bxd5 24. Qa4+ Kf7 25. Qd7+ Kg8 26. cxd5 h6 27. Qxd6 Kh7
28. Be3 Rbd8 29. Qe6 Rhe8 30. Qc6 e4 31. Rad1 Bxb2 32. Qb5 Bc3 33. Qc5 Rc8 34.
Qb5 Be5 35. Qe2 a4 36. Qb5 Rc3 37. Qb6 b3 38. axb3 axb3 39. Rfe1 Qg4 0-1

[Event "AUTO-MASTER-1949"]
[Site "http://www.queenalice.com/game.php?id=1218123"]
[Date "2013.9.19"]
[Round "1"]
[White "rpalmero"]
[Black "Larissa123"]
[Result "0-1"]
[WhiteElo "1986"]
[BlackElo "1965"]

1. c4 e5 2. Nc3 Nc6 3. a3 g6 4. e3 f5 5. Qc2 Nf6 6. Nf3 Bg7 7. b4 O-O 8. Bb2 e4
9. Ng5 d6 10. d4 Ng4 11. h4 h6 12. Nh3 Qxh4 13. g3 Qd8 14. Nf4 g5 15. Nh5 Bxd4
16. exd4 Nxd4 17. Qd1 Nf3+ 18. Ke2 Be6 19. Qb3 Nd4+ 0-1

[Event "AUTO-MASTER-1949"]
[Site "http://www.queenalice.com/game.php?id=1218124"]
[Date "2013.9.19"]
[Round "1"]
[White "Larissa123"]
[Black "rpalmero"]
[Result "1-0"]
[WhiteElo "1991"]
[BlackElo "2024"]

1. e4 c5 2. Nf3 e6 3. d4 cxd4 4. Nxd4 a6 5. Nc3 Qc7 6. Bd3 Nc6 7. Be3 Nf6 8.
Nxc6 bxc6 9. O-O d5 10. f4 dxe4 11. Nxe4 Nd5 12. Bd2 Qb6+ 13. Kh1 Qxb2 14. c4
Nf6 15. Bc3 Qa3 16. Nxf6+ gxf6 17. Bxf6 Rg8 18. Bxh7 Bb7 19. Bxg8 c5 20. Qh5 1-0

[Event "AUTO-MASTER-1949"]
[Site "http://www.queenalice.com/game.php?id=1218135"]
[Date "2013.9.19"]
[Round "1"]
[White "Pagano"]
[Black "Larissa123"]
[Result "0-1"]
[WhiteElo "2101"]
[BlackElo "2017"]

1. e4 c5 2. Nf3 d6 3. c3 Nf6 4. Be2 Nc6 5. d3 g6 6. O-O Bg7 7. Nbd2 O-O 8. Re1
b5 9. Nf1 Rb8 10. d4 Nxe4 11. Bd3 Nf6 12. dxc5 dxc5 13. Bf4 Rb7 14. Qe2 b4 15.
Ba6 Rb6 16. Bxc8 Qxc8 17. cxb4 Rxb4 18. Rac1 Rxf4 19. Rxc5 Nd4 20. Qxe7 Nxf3+
21. Kh1 Qa8 22. gxf3 Qxf3+ 23. Kg1 Qxf2+ 24. Kh1 Ne4 0-1

[Event "AUTO-MASTER-1949"]
[Site "http://www.queenalice.com/game.php?id=1218136"]
[Date "2013.9.19"]
[Round "1"]
[White "Larissa123"]
[Black "Pagano"]
[Result "1-0"]
[WhiteElo "2031"]
[BlackElo "2106"]

1. e4 e5 2. Bc4 Nf6 3. d3 c6 4. Nf3 d6 5. O-O Bg4 6. h3 Bxf3 7. Qxf3 Nbd7 8. a4
Be7 9. Nc3 O-O 10. Be3 a5 11. Rad1 Nb6 12. Bb3 Qc7 13. d4 exd4 14. Bxd4 Nbd7 15.
Rfe1 Rab8 16. Qg3 Ne5 17. f4 Ned7 18. e5 dxe5 19. fxe5 Nh5 20. Qg4 g6 21. e6
Ndf6 22. exf7+ Rxf7 23. Qe6 Bb4 24. Bxf6 Nxf6 25. Qxf6 1-0

[Event "AUTO-MASTER-1949"]
[Site "http://www.queenalice.com/game.php?id=1218143"]
[Date "2013.9.19"]
[Round "1"]
[White "Larissa123"]
[Black "vasyl_puzanov"]
[Result "0-1"]
[WhiteElo "2045"]
[BlackElo "2047"]

1. e4 c5 2. Nf3 d6 3. d4 cxd4 4. Nxd4 Nf6 5. Nc3 e5 6. Ndb5 a6 7. Na3 b5 8. Nd5
Be6 9. Nxf6+ Qxf6 10. Bd3 d5 11. exd5 Bxd5 12. Bxb5+ Bc6 13. Bxc6+ Nxc6 14. O-O
Bxa3 15. bxa3 O-O 0-1

[Event "AUTO-MASTER-1949"]
[Site "http://www.queenalice.com/game.php?id=1218144"]
[Date "2013.9.19"]
[Round "1"]
[White "vasyl_puzanov"]
[Black "Larissa123"]
[Result "1-0"]
[WhiteElo "2063"]
[BlackElo "2029"]

1. d4 Nf6 2. c4 g6 3. Nf3 Bg7 4. Nc3 O-O 5. e4 d6 6. Be3 Nbd7 7. Bd3 e5 8. d5 a5
9. O-O Nc5 10. Bc2 Ng4 11. Bg5 f6 12. Bd2 f5 13. Bg5 1-0